Bramki Roberta Lewandowskiego w Reprezentacji Polski - Statystyki

Ogólne statystyki
  • Ten quiz został rozwiązany 10 549 razy
    5 367 od ostatniego zresetowania
  • Średni wynik to 12 z 27
Statystyki odpowiedzi
Bramki Reprezentacja % Poprawnych
2 Niemcy
89%
4 San Marino
84%
1 Portugalia
77%
3 Litwa
58%
2 Irlandia
57%
3 Dania
55%
1 Grecja
55%
4 Łotwa
54%
1 Andora
51%
2 Szkocja
49%
5 Rumunia
48%
1 Słowenia
48%
1 Norwegia
43%
3 Czarnogóra
42%
6 Gibraltar
41%
3 Gruzja
36%
4 Armenia
35%
2 Islandia
33%
1 Białoruś
32%
2 Kazachstan
32%
1 Bułgaria
28%
1 Chile
24%
1 Izrael
23%
2 Korea Południowa
20%
1 Australia
14%
2 Wybrzeże Kości Słoniowej
14%
2 Singapur
9%
Nie znaleziono quizów pasujących do podanych kryteriów
Rozkład punktacji
Procent ludzi z każdym wynikiem
Percentyl według liczby udzielonych odpowiedzi
Twoja historia wyników
Nie rozwiązałeś tego quizu od ostatniego zresetowania